000 00366nam a2200133Ia 4500
008 240624s9999 xx 000 0 und d
041 _aeng
082 _a823 GRO
100 _aGROVE ANDREW S
245 _aONLY THE PARANOID SURVIVE HOW TO EXPLOIT THE CRISIS T
260 _c2008
_aNew Delhi
_bProfile Books
300 _axii, : 210 : p. : cm. ; 10
365 _cRS
_b33
999 _c15047
_d15047